Crecimiento bajo protesta (Registro nro. 18432)

Detalles MARC
000 -LEADER
fixed length control field 00485 a2200121 4500
001 - CONTROL NUMBER
control field ART_43097
005 - DATE AND TIME OF LATEST TRANSACTION
control field 20260410161737.0
008 - FIXED-LENGTH DATA ELEMENTS--GENERAL INFORMATION
fixed length control field 260409a
100 1# - MAIN ENTRY--PERSONAL NAME
Personal name Goldín, Pablo
245 10 - TITLE STATEMENT
Title Crecimiento bajo protesta
700 1# - ADDED ENTRY--PERSONAL NAME
Personal name Fraga, Rosendo
773 0# - HOST ITEM ENTRY
Title Ejecutivos de finanzas
Related parts Preparando a la empresa para enfrentar los nuevos desafíos. Finanzas e identidad en la aldea global. Pymes francesas frente a la transición - Año 13, Nº 138 (ago. 1997)
Record control number REV2863

No hay ítems disponibles.